000 00506nam a2200169 4500
001 136263
003 ES-MaACL
005 20230906195055.0
007 t|
008 070214s1948 sp r ||||1| spa d
100 1 _aRumazo, José.
_9100987
245 1 0 _aSevilla del oro
_b: ; y La leyenda del cacique dorado : dramas /
_cJosé Rumazo.
260 _aMadrid :
_bAfrodisio Aguado,
_c1948.
300 _a123 p. ;
_c17 cm.
740 0 _aLa leyenda del cacique dorado.
852 _aES-MaACL
_jC-5627
_bR.26169
999 _c136263
_d136263